| 000 | 00902nas a2200301 4500 | ||
|---|---|---|---|
| 001 | BR0303770 | ||
| 003 | BR-BrBNA | ||
| 005 | 20231205103959.0 | ||
| 007 | ta | ||
| 008 | 230509b bl.|||p| |||| 00| 00por d | ||
| 040 |
_aBR-BrBNA _bpor _cBiblioteca Nacional de Agricultura |
||
| 041 | _a(Pt) | ||
| 072 | _aL73; L70 | ||
| 100 | 1 | _aModolo, J.R. | |
| 100 | 1 | _aPaes, A.C. | |
| 100 | 1 | _aVigilato, M.A.N. | |
| 245 | 1 | _aA necessidade de educação continuada para complementar o combate à febre aftosa no Estado de São Paulo | |
| 650 | _aBOVINO | ||
| 650 | _aAFTOSA | ||
| 650 | _aVACINAÇÃO | ||
| 650 | _aPRODUTOR | ||
| 650 | _aEDUCAÇÃO VETERINÁRIA | ||
| 650 | _aVETERINÁRIA | ||
| 650 | _aSÃO PAULO | ||
| 773 | 0 |
_tRevista de Educação Continuada (Brazil) _xISSN 1516-3326 _g(2002), v. 5(1) p. 100-108 _wBR0303770 |
|
| 909 |
_a202311 _bLúcia _c55 _dLúcia Elande |
||
| 942 |
_2AGRIS _n0 _cANA |
||
| 999 |
_c175781 _d175781 |
||